000 00367nam a2200157Ia 4500
008 230917s9999||||xx |||||||||||||| ||und||
040 _e8566
_aMAIN
041 _aEnglish
082 _a327.1011 M771G
100 _aMoodie, A E
245 0 _aGeography behind politics
250 _a2nd ed.
260 _aLondon
_bHutchinson
_c1957
300 _a178 p.
942 _cBK
999 _c58860
_d58860